The history of a little boy found under an haycock : founded on facts.

Bibliographic Details
Main Author: Johnson, R. (Richard), 1733 or 1734-1793
Other Authors: Kendrew, James
Format: Microform Book
Language:English
Published: York [England] : James Kendrew, printer, [1820?]
Series:Opie collection of children's literature ; 007:067.
Subjects:

MARC

Tag First Indicator Second Indicator Subfields
LEADER 00000cam a2200000Ia 4500
001 in00002561439
005 20151201153859.0
007 he amv---bacp
007 hd bfv---baap
008 941102s1820 enka jb 000 1 eng d
035 |a (OCoLC)ocm31392924 
037 |a CL0021000007  |b University Microfilms International 
037 |b University Microfilms International, 300 North Zeeb Road, Ann Arbor, MI 48106 
040 |a OPP  |c OPP  |d UtOrBLW 
049 |a UMIA 
090 |a PZ5  |b .O67 1990 no.007:067. 
100 1 |a Johnson, R.  |q (Richard),  |d 1733 or 1734-1793. 
245 1 4 |a The history of a little boy found under an haycock :  |b founded on facts. 
264 1 |a York [England] :  |b James Kendrew, printer,  |c [1820?] 
300 |a 16 pages :  |b illustrations (woodcuts). 
336 |a text  |b txt  |2 rdacontent 
337 |a microform  |b h  |2 rdamedia 
338 |a microfiche  |b he  |2 rdacarrier 
500 |a Cover title. 
500 |a Caption title: The little boy found under an haycock. 
500 |a Date of publication suggested by the Bodleian Library. 
500 |a Reproduction of original in the Bodleian Library. 
510 4 |a Osborne Coll.  |c I:270 
510 4 |a Opie  |c A 1353 
533 |a Microfiche.  |b Ann Arbor, Mich.  |c University Microfilms International,  |d 1993.  |e 1 microfiche.  |f (Opie collection of children's literature ; 007:067).  |7 s1993 miun b 
500 |a Microform. 
650 0 |a Chapbooks, English. 
700 1 |a Kendrew, James. 
740 0 |a Little boy found under an haycock. 
830 0 |a Opie collection of children's literature ;  |v 007:067. 
999 |a MARS 
999 f f |s b1958b31-b28f-35f3-9ae0-87f8ae91521d  |i f0a58b2d-ca70-3f76-85c1-4708a6c4cc2a  |t 0 
952 f f |a Texas A&M University  |b College Station  |c Sterling C. Evans Library  |d Evans: Microforms Fiche (3rd floor)  |t 0  |e PZ5 .O67 1990 no.007:067.  |h Library of Congress classification 
998 f f |a PZ5 .O67 1990 no.007:067.  |t 0  |l Evans: Microforms Fiche (3rd floor)